[Event "HUN-chT1 Maroczy 2223"]
[Site "Hungary"]
[Date "2023.02.12"]
[Round "5.4"]
[White "Peczeli, Zoltan"]
[Black "Barva, Attila"]
[Result "0-1"]
[WhiteElo "2089"]
[BlackElo "2359"]
[PlyCount "110"]
[EventDate "2022.11.20"]
[EventType "team-tourn"]
[EventRounds "9"]
[EventCountry "HUN"]
[SourceTitle "EXT 2025"]
[Source "ChessBase"]
[SourceDate "2024.10.14"]
[SourceVersion "1"]
[SourceVersionDate "2024.10.14"]
[SourceQuality "1"]
[WhiteTeam "Meritum Egyesulet"]
[BlackTeam "Edelenyi VSE"]
[WhiteTeamCountry "HUN"]
[BlackTeamCountry "HUN"]

1. d4 Nf6 2. c4 c5 3. d5 b5 4. cxb5 a6 5. bxa6 Bxa6 6. Nc3 g6 7. e4 Bxf1 8. Kxf1 d6 9. g3 Bg7 10. Kg2 0-0 11. Nf3 Na6 12. Re1 Nc7 13. a4 Ra6 14. Ra3 Qa8 15. Nd2 e6 16. dxe6 Nxe6 17. f3 Rd8 18. Nc4 d5 19. exd5 Nxd5 20. Nxd5 Rxd5 21. Qc2 Nd4 22. Qf2 h5 23. a5 Rf5 24. Bf4 g5 25. Nd6 gxf4 26. Re8+ Qxe8 27. Nxe8 Be5 28. gxf4 Rxf4 29. Re3 Rf5 30. Kh1 Kf8 31. Qf1 Rxa5 32. Qe1 Nc6 33. Qb1 Nd4 34. Qe1 Nc6 35. Qb1 Rg5 36. Re1 Ra4 37. Qc1 Bf4 38. Qc2 Rd4 39. Re2 Rd8 40. Nf6 Nd4 41. Qe4 Nxe2 42. Nh7+ Kg7 43. Nxg5 Rd1+ 44. Kg2 Bxg5 45. Qe5+ Kg6 46. Qe4+ Kh6 47. Qc6+ Kg7 48. Kf2 Nf4 49. Qb5 Rd2+ 50. Ke1 Rd3 51. Qa4 Bh4+ 52. Kf1 c4 53. h3 Bg3 54. b4 Rxf3+ 55. Kg1 Re3 0-1

[Event "HUN-chT2 Erkel 1819"]
[Site "Hungary"]
[Date "2019.03.10"]
[Round "7.5"]
[White "Nadasi, Balazs"]
[Black "Peczeli, Zoltan"]
[Result "1-0"]
[WhiteElo "2130"]
[BlackElo "2060"]
[PlyCount "145"]
[EventDate "2018.10.28"]
[EventType "team-tourn"]
[EventRounds "9"]
[EventCountry "HUN"]
[SourceTitle "EXT 2021"]
[Source "ChessBase"]
[SourceDate "2020.10.23"]
[SourceVersion "1"]
[SourceVersionDate "2020.10.23"]
[SourceQuality "1"]
[WhiteTeam "Sarkany DSE"]
[BlackTeam "Varosgazda Akademia"]
[WhiteTeamCountry "HUN"]
[BlackTeamCountry "HUN"]

1. e4 c5 2. Nf3 Nc6 3. d4 cxd4 4. Nxd4 g6 5. Nc3 Bg7 6. Be3 Nf6 7. Bc4 Qa5 8. 0-0 0-0 9. Bb3 d6 10. h3 Bd7 11. Re1 Nxd4 12. Bxd4 Bc6 13. Nd5 Bxd5 14. exd5 Rfe8 15. c3 Nd7 16. Bxg7 Kxg7 17. Qd4+ Kg8 18. Re3 Qc5 19. Ba4 Qxd4 20. cxd4 Nf6 21. Bxe8 Rxe8 22. Rb3 b6 23. a4 Nxd5 24. a5 Rc8 25. Ra4 Rc1+ 26. Kh2 Rc2 27. Kg3 Kg7 28. axb6 axb6 29. Kf3 Rc7 30. g3 h5 31. g4 hxg4+ 32. hxg4 Kf6 33. Ke4 e6 34. Rb5 Ke7 35. g5 Kd7 36. Rxd5 exd5+ 37. Kxd5 Rc2 38. Ra7+ Ke8 39. Kxd6 Kf8 40. Ra8+ Kg7 41. f4 Rxb2 42. Rb8 Rf2 43. Ke5 Re2+ 44. Kd5 Rb2 45. Kc6 Rf2 46. d5 Rxf4 47. d6 Rc4+ 48. Kxb6 Rd4 49. Kc6 Rc4+ 50. Kd5 Rc1 51. Rb4 Kf8 52. Rc4 Rd1+ 53. Kc6 Ke8 54. Kc7 Rd2 55. Re4+ Kf8 56. d7 Rc2+ 57. Kd6 Rd2+ 58. Kc6 Rc2+ 59. Kb7 Rb2+ 60. Kc8 Rc2+ 61. Kd8 Rc1 62. Re8+ Kg7 63. Ke7 Re1+ 64. Kd6 Rd1+ 65. Kc6 f6 66. gxf6+ Kxf6 67. d8Q+ Rxd8 68. Rxd8 Ke5 69. Rg8 Kf5 70. Kd5 g5 71. Rf8+ Kg4 72. Ke4 Kh3 73. Rg8 1-0

[Event "HUN-chT2 Erkel 1819"]
[Site "Hungary"]
[Date "2019.02.10"]
[Round "5.5"]
[White "Peczeli, Zoltan"]
[Black "Kovacs, Daniel1"]
[Result "1-0"]
[WhiteElo "2060"]
[BlackElo "2019"]
[PlyCount "113"]
[EventDate "2018.10.28"]
[EventType "team-tourn"]
[EventRounds "9"]
[EventCountry "HUN"]
[SourceTitle "EXT 2021"]
[Source "ChessBase"]
[SourceDate "2020.10.23"]
[SourceVersion "1"]
[SourceVersionDate "2020.10.23"]
[SourceQuality "1"]
[WhiteTeam "Varosgazda Akademia"]
[BlackTeam "Andornaktalya"]
[WhiteTeamCountry "HUN"]
[BlackTeamCountry "HUN"]

1. Nf3 Nf6 2. d4 g6 3. c4 Bg7 4. g3 d5 5. cxd5 Nxd5 6. Bg2 0-0 7. 0-0 Nc6 8. e4 Nb6 9. d5 Nb8 10. Qb3 e6 11. Bg5 Qd7 12. Nc3 exd5 13. Nxd5 Nxd5 14. exd5 Na6 15. Rac1 Qd6 16. Rfe1 Qb6 17. Qc4 Bd7 18. b3 Bb5 19. Qh4 Rfe8 20. Be3 Qf6 21. Qxf6 Bxf6 22. Nd4 Bd7 23. a3 Rad8 24. b4 Be5 25. Red1 Bd6 26. Bg5 Rc8 27. Bf1 Nb8 28. Bb5 Re5 29. Bf6 Ree8 30. Bg5 a6 31. Bxd7 Nxd7 32. Nb3 b6 33. Be3 Be5 34. Bd4 Bd6 35. Be3 Be5 36. Nd4 Bxd4 37. Bxd4 f6 38. Kf1 Kf7 39. Rc6 Nb8 40. Rxf6+ Ke7 41. Re1+ Kd7 42. Rf7+ Kd6 43. Rxe8 Rxe8 44. Rxh7 Kxd5 45. Be3 c5 46. bxc5 bxc5 47. Rc7 Nc6 48. Rd7+ Ke6 49. Rg7 c4 50. Rxg6+ Kd5 51. Rg5+ Kd6 52. Rc5 Re4 53. h4 Ne5 54. Rc8 Nc6 55. Ke1 c3 56. Kd1 Ra4 57. h5 1-0

[Event "HUN-chT2 Erkel 1819"]
[Site "Hungary"]
[Date "2019.01.27"]
[Round "4.7"]
[White "Fordan, Tibor"]
[Black "Peczeli, Zoltan"]
[Result "1/2-1/2"]
[WhiteElo "2142"]
[BlackElo "2060"]
[PlyCount "113"]
[EventDate "2018.10.28"]
[EventType "team-tourn"]
[EventRounds "9"]
[EventCountry "HUN"]
[SourceTitle "EXT 2021"]
[Source "ChessBase"]
[SourceDate "2020.10.23"]
[SourceVersion "1"]
[SourceVersionDate "2020.10.23"]
[SourceQuality "1"]
[WhiteTeam "Budapest EAC"]
[BlackTeam "Varosgazda Akademia"]
[WhiteTeamCountry "HUN"]
[BlackTeamCountry "HUN"]

1. d4 Nf6 2. c4 e6 3. Nc3 d5 4. Nf3 c6 5. cxd5 exd5 6. Bg5 Be7 7. Qc2 g6 8. e3 Bf5 9. Bd3 Bxd3 10. Qxd3 Nbd7 11. 0-0 0-0 12. h3 Re8 13. Bf4 Nh5 14. Bh2 Ng7 15. Rae1 Nf5 16. e4 dxe4 17. Nxe4 Nf6 18. g4 Nxe4 19. Rxe4 Ng7 20. Rfe1 Bb4 21. Rxe8+ Nxe8 22. Re2 Bf8 23. Qc4 Nf6 24. b3 Nd5 25. Be5 f6 26. Bg3 Qd7 27. g5 Qf5 28. Kg2 fxg5 29. Re5 Qd7 30. Nxg5 Bg7 31. Re6 Re8 32. Qe2 Rxe6 33. Nxe6 Bf6 34. Nc5 Qf7 35. Qg4 b6 36. Qc8+ Qf8 37. Qxc6 Ne7 38. Qe6+ Qf7 39. Qxf7+ Kxf7 40. Ne4 Bxd4 41. Ng5+ Kg8 42. Kf3 Bf6 43. Ne4 Kf7 44. Nxf6 Kxf6 45. Ke4 Ke6 46. Bf4 Nd5 47. Bd2 a6 48. a4 Kd6 49. Bh6 Ke6 50. Kd4 Ne7 51. Kc4 Nc6 52. Be3 Ne5+ 53. Kc3 Nd7 54. Kc4 Ne5+ 55. Kc3 Nd7 56. Kc4 Ne5+ 57. Kc3 1/2-1/2

[Event "HUN-chT2 Erkel 1819"]
[Site "Hungary"]
[Date "2018.11.18"]
[Round "2.6"]
[White "Peczeli, Zoltan"]
[Black "Mozes, Ervin"]
[Result "1/2-1/2"]
[WhiteElo "2060"]
[BlackElo "2157"]
[PlyCount "48"]
[EventDate "2018.10.28"]
[EventType "team-tourn"]
[EventRounds "9"]
[EventCountry "HUN"]
[SourceTitle "EXT 2021"]
[Source "ChessBase"]
[SourceDate "2020.10.23"]
[SourceVersion "1"]
[SourceVersionDate "2020.10.23"]
[SourceQuality "1"]
[WhiteTeam "Varosgazda Akademia"]
[BlackTeam "Gyongyos Energia"]
[WhiteTeamCountry "HUN"]
[BlackTeamCountry "HUN"]

1. Nf3 d6 2. d4 Nf6 3. c4 c6 4. Nc3 Bf5 5. g3 h6 6. Bg2 e6 7. 0-0 Ne4 8. Qb3 Nxc3 9. bxc3 Qb6 10. Nd2 Be7 11. Ba3 Nd7 12. e4 Bg6 13. f4 f6 14. Qa4 Qc7 15. Qd1 Bf7 16. Rb1 Rb8 17. Qe2 e5 18. fxe5 fxe5 19. Bh3 Nf6 20. Bf5 0-0 21. Nf3 g6 22. Bh3 Kg7 23. Bc1 Ng8 24. Be3 b6 1/2-1/2

[Event "Budapest-chT1 Lilienthal 1718"]
[Site "Budapest"]
[Date "2018.02.25"]
[Round "10"]
[White "Peczeli, Zoltan"]
[Black "Merey, Sandor"]
[Result "1/2-1/2"]
[WhiteElo "2103"]
[BlackElo "1906"]
[PlyCount "161"]
[EventDate "2017.10.01"]
[EventType "team-tourn"]
[EventRounds "13"]
[EventCountry "HUN"]
[SourceTitle "EXT 2021"]
[Source "ChessBase"]
[SourceDate "2020.10.23"]
[SourceVersion "1"]
[SourceVersionDate "2020.10.23"]
[SourceQuality "1"]
[WhiteTeam "Fabulon"]
[BlackTeam "Palota Sakk"]
[WhiteTeamCountry "HUN"]
[BlackTeamCountry "HUN"]

1. d4 d5 2. Nf3 Nf6 3. e3 Bg4 4. c4 e6 5. h3 Bxf3 6. Qxf3 c6 7. Nc3 Bd6 8. Bd3 Nbd7 9. 0-0 Rc8 10. e4 dxe4 11. Nxe4 Nxe4 12. Bxe4 Nf6 13. Bg5 h6 14. Bxf6 Qxf6 15. Qxf6 gxf6 16. Rfe1 Kd7 17. d5 cxd5 18. cxd5 b6 19. Bd3 Rc5 20. dxe6+ fxe6 21. a4 a5 22. b3 e5 23. Rac1 Rxc1 24. Rxc1 Bc5 25. Kf1 Rd8 26. Bf5+ Ke7 27. Ke2 Rd4 28. Rc4 Kd6 29. Rxd4+ exd4 30. f4 Bb4 31. Kd3 Kc5 32. Be4 Be1 33. f5 Bf2 34. Bf3 Bg3 35. Bb7 h5 36. Bf3 h4 37. Bb7 Be5 38. Bf3 b5 39. axb5 Kxb5 40. Bd5 Kb4 41. Be6 Kc5 42. Ke4 Kb4 43. Kd3 a4 44. bxa4 Kxa4 45. Kc4 Ka5 46. Bd5 Kb6 47. Be4 Kc7 48. Kd5 Kd7 49. Bd3 Ke7 50. Bc4 Kd7 51. Bd3 Kc7 52. Kc5 Kb7 53. Bb5 Kc7 54. Bd3 Kd7 55. Kd5 Ke7 56. Bc4 Kf7 57. Ke4+ Kg7 58. Kf3 Kh6 59. Kg4 Bg3 60. Bd3 Be1 61. Bc4 Kg7 62. Kf3 Kf8 63. Ke4 Bf2 64. Bd3 Ke7 65. Kd5 Kd7 66. Be2 Be3 67. Bd3 Bf2 68. Be2 Ke7 69. Bc4 Be3 70. Bb5 Bg1 71. Bd3 Kf7 72. Ke4 Be3 73. Bc4+ Ke7 74. Kd5 Kd7 75. Bd3 Kc7 76. Kc5 Bf2 77. Kd5 Be3 78. Kc5 Kb7 79. Kb5 Bf4 80. Kc5 Be5 81. Kb5 1/2-1/2

[Event "HUN-chT2 Breyer 1718"]
[Site "Hungary"]
[Date "2018.01.28"]
[Round "7.5"]
[White "Balonyi, Roland"]
[Black "Peczeli, Zoltan"]
[Result "0-1"]
[WhiteElo "1670"]
[BlackElo "2109"]
[PlyCount "59"]
[EventDate "2017.09.24"]
[EventType "team-tourn"]
[EventRounds "11"]
[EventCountry "HUN"]
[SourceTitle "EXT 2021"]
[Source "ChessBase"]
[SourceDate "2020.10.23"]
[SourceVersion "1"]
[SourceVersionDate "2020.10.23"]
[SourceQuality "1"]
[WhiteTeam "Esztergom"]
[BlackTeam "Zsambek"]
[WhiteTeamCountry "HUN"]
[BlackTeamCountry "HUN"]

1. Nf3 d5 2. d4 Nf6 3. c4 e6 4. Bg5 Nbd7 5. e3 c6 6. Nc3 Qa5 7. Bxf6 Nxf6 8. Nd2 Bb4 9. Qc2 0-0 10. Bd3 c5 11. Nb3 Qc7 12. 0-0-0 dxc4 13. Bxc4 Bd7 14. d5 Bxc3 15. Qxc3 exd5 16. Bxd5 Nxd5 17. Rxd5 b6 18. h4 Be6 19. Rg5 f6 20. Nd4 Bxa2 21. Rg3 Qe5 22. Ne2 Qe4 23. Qc2 Qxc2+ 24. Kxc2 Bf7 25. Nf4 h5 26. Rgh3 Rad8 27. Ra1 Rd7 28. Rhh1 Rfd8 29. Rhe1 Rd2+ 30. Kc1 0-1

[Event "Budapest-chT1 Lilienthal 1718"]
[Site "Budapest"]
[Date "2018.01.14"]
[Round "6"]
[White "Peczeli, Zoltan"]
[Black "Teglas, Balazs"]
[Result "0-1"]
[WhiteElo "2103"]
[BlackElo "2198"]
[PlyCount "100"]
[EventDate "2017.10.01"]
[EventType "team-tourn"]
[EventRounds "13"]
[EventCountry "HUN"]
[SourceTitle "EXT 2021"]
[Source "ChessBase"]
[SourceDate "2020.10.23"]
[SourceVersion "1"]
[SourceVersionDate "2020.10.23"]
[SourceQuality "1"]
[WhiteTeam "Fabulon"]
[BlackTeam "Budapest MTK III"]
[WhiteTeamCountry "HUN"]
[BlackTeamCountry "HUN"]

1. d4 Nf6 2. Nf3 c5 3. e3 g6 4. b3 Bg7 5. Bb2 0-0 6. Bd3 b6 7. 0-0 Bb7 8. Nbd2 d6 9. c4 Nbd7 10. Qe2 e6 11. Rfd1 Qe7 12. dxc5 bxc5 13. Bc2 e5 14. e4 Nb8 15. b4 Nc6 16. bxc5 dxc5 17. Ba3 Nd4 18. Nxd4 exd4 19. Nb3 Rac8 20. Rab1 Ba8 21. Nxd4 Nxe4 22. f3 Qh4 23. Bxe4 Bxe4 24. g3 Bxd4+ 25. Rxd4 Bxf3 26. Rxh4 Bxe2 27. Re1 Bd3 28. Rf4 Rfd8 29. Rc1 Bf5 30. Rf2 Rd3 31. Bb2 Re8 32. Ba1 h5 33. Rb2 Ra3 34. Rb3 Rxa2 35. Rb5 Kh7 36. Rxc5 Ree2 37. Rxf5 gxf5 38. c5 Rg2+ 39. Kf1 Raf2+ 40. Ke1 Rxh2 41. Bd4 Rfg2 42. Kf1 Rxg3 43. Bg1 Rf3+ 44. Ke1 Rg2 45. Bd4 Rh3 46. Kf1 Rh1+ 47. Kxg2 Rxc1 48. Kf3 h4 49. Kf4 Kg6 50. Ke5 h3 0-1

[Event "Budapest Karacsonyi op"]
[Site "Budapest"]
[Date "2017.12.29"]
[Round "5"]
[White "Saar, Patrik"]
[Black "Peczeli, Zoltan"]
[Result "0-1"]
[WhiteElo "1706"]
[BlackElo "2109"]
[PlyCount "112"]
[EventDate "2017.12.27"]
[EventType "swiss"]
[EventRounds "7"]
[EventCountry "HUN"]
[SourceTitle "CBM 182 Extra"]
[Source "ChessBase"]
[SourceDate "2018.02.23"]
[SourceVersion "1"]
[SourceVersionDate "2018.02.23"]
[SourceQuality "1"]

1. e4 c5 2. c3 Nf6 3. e5 Nd5 4. d4 cxd4 5. cxd4 d6 6. Bc4 Nb6 7. Bb5+ Bd7 8. Bxd7+ Qxd7 9. Nf3 Nc6 10. 0-0 Rd8 11. Nc3 g6 12. Bf4 dxe5 13. dxe5 Qf5 14. Qc1 Bg7 15. Bg3 0-0 16. Qf4 Qxf4 17. Bxf4 Nd5 18. Nxd5 Rxd5 19. Rad1 Rfd8 20. Rxd5 Rxd5 21. Re1 e6 22. a3 h5 23. Kf1 Kf8 24. h3 a5 25. Re3 Rb5 26. Re2 Ke8 27. Kg1 Rd5 28. Kf1 a4 29. Ke1 b5 30. Rd2 Rc5 31. Re2 Rd5 32. Rd2 Rc5 33. Re2 Na5 34. Kd1 Nc4 35. Ke1 Rd5 36. h4 Kd7 37. Bg3 f6 38. Bh2 fxe5 39. Ng5 Bf6 40. Bg3 e4 41. Rxe4 Bxg5 42. hxg5 Nxb2 43. Bh4 Nc4 44. Rf4 Nxa3 45. Rf6 Nc2+ 46. Ke2 a3 47. Rxg6 a2 48. Rg7+ Ke8 49. g6 a1Q 50. Re7+ Kf8 51. f4 Nd4+ 52. Kf2 Nf5 53. g7+ Nxg7 54. Rb7 Rd2+ 55. Kg3 Nf5+ 56. Kh3 Qh1# 0-1

[Event "HUN-chT2 Breyer 1617"]
[Site "Hungary"]
[Date "2016.11.27"]
[Round "3.4"]
[White "Peczeli, Zoltan"]
[Black "Somogyi, Istvan"]
[Result "1/2-1/2"]
[WhiteElo "2111"]
[BlackElo "2145"]
[PlyCount "51"]
[EventDate "2016.10.30"]
[EventType "team-tourn"]
[EventRounds "9"]
[EventCountry "HUN"]
[SourceTitle "EXT 2021"]
[Source "ChessBase"]
[SourceDate "2020.10.23"]
[SourceVersion "1"]
[SourceVersionDate "2020.10.23"]
[SourceQuality "1"]
[WhiteTeam "Zsambek"]
[BlackTeam "Budapest MLTC"]
[WhiteTeamCountry "HUN"]
[BlackTeamCountry "HUN"]

1. d4 Nf6 2. c4 e6 3. Nf3 c5 4. g3 cxd4 5. Nxd4 Nc6 6. e3 d5 7. cxd5 Qxd5 8. Nxc6 Qxc6 9. f3 Bc5 10. Nc3 0-0 11. Bg2 Bd7 12. 0-0 Qb6 13. Qe2 Rac8 14. Rd1 Rfd8 15. Kh1 Bc6 16. Rxd8+ Rxd8 17. b3 Rd7 18. e4 Qd8 19. Bg5 Bd4 20. Bd2 Be5 21. Be1 Rd3 22. Rd1 Bb5 23. Rxd3 Bxd3 24. Qd1 Qd4 25. f4 Bb8 26. Qd2 1/2-1/2

[Event "HUN-chT2 Barcza 1314"]
[Site "Hungary"]
[Date "2013.09.22"]
[Round "2"]
[White "Somorai, Zsolt"]
[Black "Peczeli, Zoltan"]
[Result "1/2-1/2"]
[WhiteElo "2081"]
[BlackElo "2007"]
[PlyCount "79"]
[EventDate "2013.09.08"]
[EventType "team-tourn"]
[EventRounds "11"]
[EventCountry "HUN"]
[SourceTitle "EXT 2016"]
[Source "ChessBase"]
[SourceDate "2015.10.08"]
[SourceVersion "1"]
[SourceVersionDate "2015.10.08"]
[SourceQuality "1"]
[WhiteTeam "Debrecen Sakkiskola"]
[BlackTeam "Nyiregyhaza"]
[WhiteTeamCountry "HUN"]
[BlackTeamCountry "HUN"]

1. d4 Nf6 2. c4 c5 3. d5 b5 4. cxb5 a6 5. b6 Qxb6 6. Nc3 e6 7. e4 exd5 8. exd5 Be7 9. Bc4 d6 10. Nge2 0-0 11. 0-0 Nbd7 12. f4 Qc7 13. Ng3 Nb6 14. Be2 Re8 15. Bf3 Bf8 16. Nge4 Nxe4 17. Bxe4 f5 18. Bf3 g6 19. Bd2 Nc4 20. Rb1 Bd7 21. b3 Nxd2 22. Qxd2 Bg7 23. Ne2 Bb5 24. Kh1 Re7 25. Rfc1 Rae8 26. Nc3 Qa5 27. h3 Bxc3 28. Qxc3 Qxc3 29. Rxc3 Be2 30. b4 Bxf3 31. Rxf3 Re1+ 32. Rxe1 Rxe1+ 33. Kh2 cxb4 34. a3 Rb1 35. axb4 Rxb4 36. Ra3 Rb5 37. Rxa6 Rxd5 38. Ra8+ Kg7 39. Ra7+ Kg8 40. Ra8+ 1/2-1/2

[Event "HUN-chT2 Barcza 1314"]
[Site "Hungary"]
[Date "2013.09.08"]
[Round "1"]
[White "Peczeli, Zoltan"]
[Black "Hando, Vilmos"]
[Result "0-1"]
[WhiteElo "2007"]
[BlackElo "2344"]
[PlyCount "130"]
[EventDate "2013.09.08"]
[EventType "team-tourn"]
[EventRounds "11"]
[EventCountry "HUN"]
[SourceTitle "EXT 2016"]
[Source "ChessBase"]
[SourceDate "2015.10.08"]
[SourceVersion "1"]
[SourceVersionDate "2015.10.08"]
[SourceQuality "1"]
[WhiteTeam "Nyiregyhaza"]
[BlackTeam "Kazincbarcika"]
[WhiteTeamCountry "HUN"]
[BlackTeamCountry "HUN"]

1. d4 Nf6 2. c4 g6 3. Nc3 Bg7 4. e4 d6 5. Nf3 0-0 6. Be2 e5 7. dxe5 dxe5 8. Qxd8 Rxd8 9. Bg5 Re8 10. Nd5 Nxd5 11. cxd5 c6 12. Bc4 b5 13. Bb3 c5 14. 0-0 Bf8 15. Rac1 Bd6 16. Be3 Nd7 17. Nd2 Kg7 18. Bd1 Rb8 19. Bg4 f5 20. exf5 Nf6 21. Be2 c4 22. fxg6 hxg6 23. a3 a6 24. Bg5 Nxd5 25. Ne4 Be7 26. Bxe7 Rxe7 27. g3 Nc7 28. Rfd1 Ne6 29. Nd6 Nd4 30. Nxc8 Nxe2+ 31. Kf1 Nxc1 32. Nxe7 Nd3 33. Rd2 Kf7 34. Nc6 Ra8 35. Nb4 Nxb4 36. axb4 Ke6 37. Ke2 a5 38. bxa5 Rxa5 39. Kd1 g5 40. Kc2 b4 41. h4 gxh4 42. gxh4 Ra1 43. Rd8 Re1 44. Kd2 Rf1 45. Ke3 Rb1 46. Rd2 Rh1 47. Rd8 Rh3+ 48. Kd2 Rxh4 49. Rb8 Rd4+ 50. Kc2 Rf4 51. Rxb4 Kd5 52. Kd2 Rxf2+ 53. Ke3 Rh2 54. Rb5+ Kd6 55. Rb6+ Kc5 56. Rb8 Rh4 57. Kd2 Kd5 58. Rb4 Rh2+ 59. Kc3 Rh3+ 60. Kc2 Rb3 61. Rxb3 cxb3+ 62. Kd3 e4+ 63. Ke3 Ke5 64. Ke2 Kd4 65. Kd2 e3+ 0-1

[Event "Budapest op 3rd"]
[Site "Budapest"]
[Date "2013.08.21"]
[Round "5"]
[White "Peczeli, Zoltan"]
[Black "Heyl, Thomas"]
[Result "1/2-1/2"]
[WhiteElo "2036"]
[BlackElo "1997"]
[PlyCount "46"]
[EventDate "2013.08.17"]
[EventType "swiss"]
[EventRounds "9"]
[EventCountry "HUN"]
[SourceTitle "CBM 156 Extra"]
[Source "ChessBase"]
[SourceDate "2013.10.22"]
[SourceVersion "1"]
[SourceVersionDate "2013.10.22"]
[SourceQuality "1"]

1. d4 d5 2. c4 e6 3. Nc3 Nf6 4. cxd5 exd5 5. Bg5 Nbd7 6. e3 c6 7. Qc2 Be7 8. Bd3 0-0 9. Nge2 Re8 10. 0-0 Nf8 11. Rab1 g6 12. b4 a6 13. Na4 Ne6 14. Bh4 Ng7 15. Nc5 Ne4 16. Bxe7 Qxe7 17. a4 Bf5 18. Ng3 Nxg3 19. hxg3 Bxd3 20. Nxd3 Nf5 21. Ne5 f6 22. Nf3 Nd6 23. Nd2 Rac8 1/2-1/2